| 000 | 00559nam a2200157 a 4500 | ||
|---|---|---|---|
| 008 | 120416s1972 xx |||||||||||||| || u | ||
| 050 | _aHD 31 Glu | ||
| 100 | _aGlueck, William F | ||
| 245 | 1 | 0 | _aBusiness policy: strategy formation and management action. |
| 260 |
_a _bMacGraw-Hill _c1972 |
||
| 350 | _a0.00 | ||
| 650 | 0 | _aBUSINESS | |
| 650 | _aSTRATEGIC MANAGEMENT | ||
| 650 | _aBUSINESS MANAGEMENT | ||
| 995 |
_D0.00 _FCBU-MAIN LIBRARY (Kitwe) _H1 _I0.00 _M1 _UAVAILABLE _ZMain Library Open Access Collection |
||
| 999 |
_c36506 _d36506 |
||